[Event "Western Asia-ch U20 Girls"]
[Site "Waskaduwa"]
[Date "2025.06.07"]
[Round "4"]
[White "Palliyage, Sethumlee Devhara"]
[Black "Shohradova, Lala"]
[Result "0-1"]
[WhiteElo "1827"]
[BlackElo "2135"]
[PlyCount "86"]
[EventDate "2025.06.05"]
[EventType "swiss"]
[EventRounds "9"]
[EventCountry "SRI"]
[SourceTitle "CB27_2025"]
[SourceDate "2025.07.02"]
[SourceVersion "1"]
[SourceVersionDate "2025.07.02"]
[SourceQuality "1"]

1. e4 e6 2. d4 d5 3. exd5 exd5 4. Bf4 Nf6 5. Nf3 Bd6 6. Bxd6 Qxd6 7. Bd3 Qb4+ 8. Nbd2 0-0 9. 0-0 Qxb2 10. c4 Qa3 11. Bc2 Qd6 12. Ne5 Be6 13. c5 Qd8 14. f4 Bd7 15. Qf3 Nc6 16. Qc3 a5 17. a3 Be8 18. Rad1 Qc8 19. h3 b6 20. Qd3 Qa6 21. Qc3 bxc5 22. Qxc5 Qa7 23. Nxc6 Qxc5 24. dxc5 Bxc6 25. Nf3 Bb5 26. Rfe1 Rfe8 27. Ne5 Nh5 28. a4 Ba6 29. Rxd5 Nxf4 30. Rd7 Ne2+ 31. Rxe2 Bxe2 32. Nxf7 Bc4 33. Ng5 h6 34. Nf3 c6 35. Nh4 Re2 36. Bf5 Rf8 37. Bg4 Be6 38. Bxe6+ Rxe6 39. Ra7 Rf4 40. g4 Rxa4 41. Nf5 Re2 42. Kf1 Rh2 43. Kg1 Rb2 0-1

[Event "Ambalangoda Dhamso op 11th"]
[Site "Ambalangoda"]
[Date "2024.05.21"]
[Round "9"]
[White "Palliyage, Sethumlee Devhara"]
[Black "Perera, MA Kisandu Randira"]
[Result "1/2-1/2"]
[WhiteElo "1699"]
[BlackElo "1489"]
[PlyCount "156"]
[EventDate "2024.05.17"]
[EventType "swiss"]
[EventRounds "10"]
[EventCountry "SRI"]
[SourceTitle "CBM 220 Extra"]
[Source "ChessBase"]
[SourceDate "2024.07.31"]
[SourceVersion "1"]
[SourceVersionDate "2024.07.31"]
[SourceQuality "1"]

1. e4 c5 2. Nf3 d6 3. d4 cxd4 4. Nxd4 Nf6 5. Nc3 g6 6. f3 a6 7. Be3 Bg7 8. Qd2 b5 9. a4 b4 10. Nd5 Nxd5 11. exd5 a5 12. Bb5+ Bd7 13. c3 bxc3 14. bxc3 Qc7 15. 0-0 0-0 16. Rab1 e5 17. dxe6 fxe6 18. Bf2 Na6 19. Bxd7 Qxd7 20. Nb5 d5 21. Bb6 Qc6 22. Nd4 Qc8 23. Bxa5 Nc5 24. Bb4 Rxa4 25. Qc2 Ra7 26. Nb3 Nxb3 27. Bxf8 Qxf8 28. Rxb3 Rc7 29. Qe2 e5 30. Kh1 d4 31. cxd4 exd4 32. Qe6+ Kh8 33. Rfb1 Re7 34. Qc6 Be5 35. Qe4 Qe8 36. Rb7 Re6 37. Qh4 h5 38. Re1 Qc8 39. Re7 Bf6 40. R7xe6 Bxh4 41. Re8+ Kg7 42. Rxc8 Bxe1 43. Kg1 Bd2 44. Kf1 Be3 45. Ke2 Kf6 46. Kd3 Bg1 47. Ke4 Bxh2 48. Kxd4 Kg5 49. Rc6 Kf5 50. Ke3 Bg1+ 51. Ke2 g5 52. Kf1 Be3 53. g3 Ba7 54. Ra6 Be3 55. Ke2 Bg1 56. Ra5+ Kg6 57. Kd3 Bh2 58. g4 h4 59. Ra6+ Kf7 60. Ke4 Bf4 61. Kf5 h3 62. Ra7+ Ke8 63. Rh7 h2 64. Ke6 Kd8 65. Kf5 Ke8 66. Rxh2 Bxh2 67. Kxg5 Bd6 68. Kg6 Bf4 69. Kf6 Kf8 70. Kf5 Bc1 71. f4 Kf7 72. g5 Kg7 73. Kg4 Kf7 74. f5 Bxg5 75. Kxg5 Kg7 76. f6+ Kf7 77. Kf5 Kf8 78. Kg6 Kg8 1/2-1/2